Cuaderno estadístico municipal : (Record no. 74695)
[ view plain ]
| 000 -CABECERA | |
|---|---|
| campo de control de longitud fija | 02754cam a22005417a 4500 |
| 003 - IDENTIFICADOR DEL NÚMERO DE CONTROL | |
| campo de control | CHAP |
| 005 - FECHA Y HORA DE LA ÚLTIMA TRANSACCIÓN | |
| campo de control | 20220329141837.0 |
| 008 - DATOS DE LONGITUD FIJA--INFORMACIÓN GENERAL | |
| campo de control de longitud fija | 971204d1996 mx b rs o00110 spa d |
| 010 ## - NÚMERO DE CONTROL DE LA BIBLIOTECA DEL CONGRESO | |
| Número de control de LC | 74695 |
| 011 ## - ENLACE DEL NUMERO DE CONTROL DE LA BIBLIOTECA DEL CONGRESO [OBSOLETO] | |
| Número de control de LC | 75667 |
| 020 ## - NÚMERO INTERNACIONAL ESTÁNDAR DEL LIBRO | |
| Número Internacional Estándar del Libro | 970-13-1460-3 |
| 020 ## - NÚMERO INTERNACIONAL ESTÁNDAR DEL LIBRO | |
| Número Internacional Estándar del Libro | 970-13-1461-1 |
| 020 ## - NÚMERO INTERNACIONAL ESTÁNDAR DEL LIBRO | |
| Número Internacional Estándar del Libro | 970-13-1466-2 |
| 020 ## - NÚMERO INTERNACIONAL ESTÁNDAR DEL LIBRO | |
| Número Internacional Estándar del Libro | 9701314646 |
| 035 ## - NÚMERO DE CONTROL DEL SISTEMA | |
| Número de control de sistema | 85235 |
| 040 ## - FUENTE DE LA CATALOGACIÓN | |
| Centro/agencia transcriptor | CHAP |
| 082 04 - NÚMERO DE LA CLASIFICACIÓN DECIMAL DEWEY | |
| Número de clasificación | 338.972 |
| Número de documento/Ítem | I59 1996 Oax. |
| 110 2# - ENTRADA PRINCIPAL--NOMBRE DE ENTIDAD CORPORATIVA | |
| Nombre de entidad corporativa o nombre de jurisdicción como elemento de entrada | Instituto Nacional de Estadística, Geografía e Informática. México |
| 9 (RLIN) | 59304 |
| 245 10 - MENCIÓN DE TÍTULO | |
| Título | Cuaderno estadístico municipal : |
| Resto del título | Oaxaca |
| Mención de responsabilidad, etc. | /por Instituto Nacional de Estadística, Geografía e Informática |
| 260 0# - PUBLICACIÓN, DISTRIBUCIÓN, ETC. | |
| Lugar de publicación, distribución, etc. | Aguascalientes, Ags. : |
| Nombre del editor, distribuidor, etc. | Instituto Nacional de Estadística, Geografía e Informática |
| Fecha de publicación, distribución, etc. | 1997-199 |
| 300 ## - DESCRIPCIÓN FÍSICA | |
| Extensión | v. : |
| Otras características físicas | gráfs. ; mapas |
| 500 ## - NOTA GENERAL | |
| Nota general | c. de Cuaderno de información básica para la planeación municipal |
| 505 0# - NOTA DE CONTENIDO CON FORMATO | |
| Nota de contenido con formato | La biblioteca tiene : v.1 Ciudad Ixtepec -- v.2 Matías Romero -- v.3 Villa de Zaachila -- v.4 Oaxaca de Juárez |
| 590 ## - NOTA LOCAL (RLIN) | |
| Nota local | BATCH-UPD |
| Procedencia (VM) [OBSOLETO] | 10 |
| Condición del los carretes individuales (VM) [OBSOLETO] | 20130110 |
| -- | UCH01 |
| -- | 0858 |
| 590 ## - NOTA LOCAL (RLIN) | |
| Nota local | BATCH-UPD |
| Procedencia (VM) [OBSOLETO] | 10 |
| Condición del los carretes individuales (VM) [OBSOLETO] | 20130410 |
| -- | UCH01 |
| -- | 0528 |
| 590 ## - NOTA LOCAL (RLIN) | |
| Nota local | BATCH-UPD |
| Procedencia (VM) [OBSOLETO] | 10 |
| Condición del los carretes individuales (VM) [OBSOLETO] | 20130914 |
| -- | UCH01 |
| -- | 1501 |
| 590 ## - NOTA LOCAL (RLIN) | |
| Nota local | CONVERSION |
| Procedencia (VM) [OBSOLETO] | 10 |
| Condición del los carretes individuales (VM) [OBSOLETO] | 20130109 |
| -- | UCH01 |
| -- | 1341 |
| 650 14 - PUNTO DE ACCESO ADICIONAL DE MATERIA--TÉRMINO DE MATERIA | |
| Término de materia o nombre geográfico como elemento de entrada | Agricultura |
| Subdivisión general | Estadisticas |
| Subdivisión geográfica | Oaxaca. |
| 9 (RLIN) | 1462 |
| 650 14 - PUNTO DE ACCESO ADICIONAL DE MATERIA--TÉRMINO DE MATERIA | |
| Término de materia o nombre geográfico como elemento de entrada | Ganadería |
| Subdivisión general | Estadísticas |
| Subdivisión geográfica | Oaxaca. |
| 9 (RLIN) | 44720 |
| 650 14 - PUNTO DE ACCESO ADICIONAL DE MATERIA--TÉRMINO DE MATERIA | |
| Término de materia o nombre geográfico como elemento de entrada | Oaxaca |
| Subdivisión general | Condiciones económicas. |
| 9 (RLIN) | 82476 |
| 650 14 - PUNTO DE ACCESO ADICIONAL DE MATERIA--TÉRMINO DE MATERIA | |
| Término de materia o nombre geográfico como elemento de entrada | Oaxaca |
| Subdivisión general | Condiciones sociales. |
| 9 (RLIN) | 82478 |
| 650 14 - PUNTO DE ACCESO ADICIONAL DE MATERIA--TÉRMINO DE MATERIA | |
| Término de materia o nombre geográfico como elemento de entrada | Oaxaca |
| Subdivisión general | Estadísticas. |
| 9 (RLIN) | 82481 |
| 901 ## - ELEMENTOS DE DATOS A LOCAL LDA (RLIN) | |
| a | BK |
| 905 ## - ELEMENTOS DE DATOS E LOCAL, LDE (RLIN) | |
| a | Lilia Sánchez G. |
| 942 ## - ELEMENTOS DE PUNTO DE ACCESO ADICIONAL (KOHA) | |
| Tipo de ítem Koha | Libro |
| 949 ## - PROCESAMIENTO DE INFORMACIÓN LOCAL (OCLC) | |
| a | 338.972 I59 1996 Oax. |
| b | BC |
| c | C |
| d | D_26FAE |
| e | C |
| f | v. 2 |
| g | I. c/e |
| h | 92491 |
| i | 85235 |
| j | 2 |
| s | t |
| t | 20.00 |
| 949 ## - PROCESAMIENTO DE INFORMACIÓN LOCAL (OCLC) | |
| a | 338.972 I59 1996 Oax. |
| b | BC |
| c | C |
| d | D_26FAF |
| e | C |
| f | v. 3 |
| g | I. c/e |
| h | 92491 |
| i | 85235 |
| j | 3 |
| s | t |
| t | 20.00 |
| 949 ## - PROCESAMIENTO DE INFORMACIÓN LOCAL (OCLC) | |
| a | 338.972 I59 1996 Oax. |
| b | BC |
| c | C |
| d | D_26FB0 |
| e | C |
| f | v. 4 |
| g | I. c/e |
| h | 92491 |
| i | 85235 |
| j | 4 |
| s | t |
| t | 20.00 |
| 949 ## - PROCESAMIENTO DE INFORMACIÓN LOCAL (OCLC) | |
| a | 338.972 I59 1996 Oax. |
| b | BC |
| c | INEGI |
| d | 33724000592796 |
| e | INEGI |
| f | v.1 |
| g | I. c/e |
| h | 92491 |
| i | 85235 |
| s | b |
| t | 20.00 |
| 949 ## - PROCESAMIENTO DE INFORMACIÓN LOCAL (OCLC) | |
| a | 338.972 I59 1996 Oax. |
| b | BC |
| c | INEGI |
| d | 33724000592804 |
| e | INEGI |
| f | v. 2 |
| g | I. c/e |
| h | 92492 |
| i | 85235 |
| s | b |
| t | 19.00 |
| 949 ## - PROCESAMIENTO DE INFORMACIÓN LOCAL (OCLC) | |
| a | 338.972 I59 1996 Oax. |
| b | BC |
| c | INEGI |
| d | 33724000592812 |
| e | INEGI |
| f | v. 3 |
| g | I. c/e |
| h | 92493 |
| i | 85235 |
| s | b |
| t | 20.00 |
| 949 ## - PROCESAMIENTO DE INFORMACIÓN LOCAL (OCLC) | |
| a | 338.972 I59 1996 Oax. |
| b | BC |
| c | INEGI |
| d | 33724000592820 |
| e | INEGI |
| f | v. 4 |
| g | I. c/e |
| h | 92494 |
| i | 85235 |
| s | b |
| t | 21.00 |
| 949 ## - PROCESAMIENTO DE INFORMACIÓN LOCAL (OCLC) | |
| a | 338.972 I59 1996 Oax. |
| b | BC |
| c | INEGI |
| d | 33724000684809 |
| e | INEGI |
| f | v.1 c.2 |
| h | 92726 |
| i | 85235 |
| s | b |
| 949 ## - PROCESAMIENTO DE INFORMACIÓN LOCAL (OCLC) | |
| a | 338.972 I59 1996 Oax. |
| b | BC |
| c | INEGI |
| d | 33724000684817 |
| e | INEGI |
| f | v.2 c.2 |
| h | 92727 |
| i | 85235 |
| s | b |
| 949 ## - PROCESAMIENTO DE INFORMACIÓN LOCAL (OCLC) | |
| a | 338.972 I59 1996 Oax. |
| b | BC |
| c | INEGI |
| d | 33724000684825 |
| e | INEGI |
| f | v.4 c.3 |
| h | 102653 |
| i | 85235 |
| s | b |
| 949 ## - PROCESAMIENTO DE INFORMACIÓN LOCAL (OCLC) | |
| a | 338.972 I59 1996 Oax. |
| b | BC |
| c | INEGI |
| d | 33724000684833 |
| e | INEGI |
| f | v.4 c.2 |
| h | 92724 |
| i | 85235 |
| s | b |
| 949 ## - PROCESAMIENTO DE INFORMACIÓN LOCAL (OCLC) | |
| a | 338.972 I59 1996 Oax. |
| b | BC |
| c | INEGI |
| d | 852351234 |
| e | INEGI |
| f | v.3 |
| h | 92728 |
| i | 85235 |
| s | b |
| Estado de retiro | Estado de pérdida | Fuente del sistema de clasificación o colocación | Estado dañado | Restricciones de uso | No para préstamo | Código de colección | Localización permanente | Ubicación/localización actual | Ubicación en estantería | Fecha de adquisición | Fuente de adquisición | Información codificada de la localización en otra ubicación | Total de préstamos | Signatura topográfica completa | Código de barras | Fecha visto por última vez | Número de copia | Precio válido a partir de | Tipo de ítem Koha |
|---|---|---|---|---|---|---|---|---|---|---|---|---|---|---|---|---|---|---|---|
| Dewey Decimal Classification | Préstamo interno | Consulta | Biblioteca Central | Biblioteca Central | Planta alta - Coleción Consulta | 31/12/2019 | I. c/e | LIBRO | 338.972 I59 1996 Oax. | D_26FAE | 31/12/2019 | v. 2 | 31/12/2019 | Libro | |||||
| Dewey Decimal Classification | Préstamo interno | Consulta | Biblioteca Central | Biblioteca Central | Planta alta - Coleción Consulta | 31/12/2019 | I. c/e | LIBRO | 338.972 I59 1996 Oax. | D_26FAF | 31/12/2019 | v. 3 | 31/12/2019 | Libro | |||||
| Dewey Decimal Classification | Préstamo interno | Consulta | Biblioteca Central | Biblioteca Central | Planta alta - Coleción Consulta | 31/12/2019 | I. c/e | LIBRO | 338.972 I59 1996 Oax. | D_26FB0 | 31/12/2019 | v. 4 | 31/12/2019 | Libro | |||||
| Dewey Decimal Classification | Préstamo interno | Publicaciones INEGI | Biblioteca Central | Biblioteca Central | Planta baja - Colección INEGI | 31/12/2019 | I. c/e | LIBRO | 338.972 I59 1996 Oax. | 33724000684809 | 31/12/2019 | v.1 c.2 | 31/12/2019 | Libro | |||||
| Dewey Decimal Classification | Préstamo interno | Publicaciones INEGI | Biblioteca Central | Biblioteca Central | Planta baja - Colección INEGI | 31/12/2019 | I. c/e | LIBRO | 338.972 I59 1996 Oax. | 33724000684817 | 31/12/2019 | v.2 c.2 | 31/12/2019 | Libro | |||||
| Dewey Decimal Classification | Préstamo interno | Publicaciones INEGI | Biblioteca Central | Biblioteca Central | Planta baja - Colección INEGI | 31/12/2019 | I. c/e | LIBRO | 338.972 I59 1996 Oax. | 33724000684825 | 31/12/2019 | v.4 c.3 | 31/12/2019 | Libro | |||||
| Dewey Decimal Classification | Préstamo interno | Publicaciones INEGI | Biblioteca Central | Biblioteca Central | Planta baja - Colección INEGI | 31/12/2019 | I. c/e | LIBRO | 338.972 I59 1996 Oax. | 33724000684833 | 31/12/2019 | v.4 c.2 | 31/12/2019 | Libro | |||||
| Dewey Decimal Classification | Préstamo interno | Publicaciones INEGI | Biblioteca Central | Biblioteca Central | Planta baja - Colección INEGI | 31/12/2019 | LIBRO | 338.972 I59 1996 Oax. | 852351234 | 31/12/2019 | v.3 | 31/12/2019 | Libro | ||||||
| Dewey Decimal Classification | Préstamo interno | Publicaciones INEGI | Biblioteca Central | Biblioteca Central | Planta baja - Colección INEGI | 31/12/2019 | LIBRO | 338.972 I59 1996 Oax. | 33724000592796 | 31/12/2019 | v.1 | 31/12/2019 | Libro | ||||||
| Dewey Decimal Classification | Préstamo interno | Publicaciones INEGI | Biblioteca Central | Biblioteca Central | Planta baja - Colección INEGI | 31/12/2019 | LIBRO | 338.972 I59 1996 Oax. | 33724000592804 | 31/12/2019 | v. 2 | 31/12/2019 | Libro | ||||||
| Dewey Decimal Classification | Préstamo interno | Publicaciones INEGI | Biblioteca Central | Biblioteca Central | Planta baja - Colección INEGI | 31/12/2019 | LIBRO | 338.972 I59 1996 Oax. | 33724000592812 | 31/12/2019 | v. 3 | 31/12/2019 | Libro | ||||||
| Dewey Decimal Classification | Préstamo interno | Publicaciones INEGI | Biblioteca Central | Biblioteca Central | Planta baja - Colección INEGI | 31/12/2019 | LIBRO | 338.972 I59 1996 Oax. | 33724000592820 | 31/12/2019 | v. 4 | 31/12/2019 | Libro |
